000 006020000a22001810004500
003 MACL
005 20160525132723.0
008 160525b xxu||||| |||| 00| 0 eng d
040 _aMACL
_cMACL
041 _aHindi
082 _a891.432 SAX
100 _aसक्‍सेना, सर्वेश्‍वरदयाल
_942474
245 _aबकरी
_cसर्वेश्‍वरदयाल सक्‍सेना
260 _bलिपि प्रकाशन
_c1992
_aनई दिल्‍ली
350 _a30
650 _aDrama
_959428
942 _cHIN
_k891.432/SAX/D
_2ddc
999 _c21329
_d21329